ბათუმის შოთა რუსთაველის სახელმწიფო უნივერსიტეტის ბიბლიოთეკა

Deutsch im Krankenhaus (ბიბ.ჩანაწერი № 49504)

000 -LEADER
fixed length control field 00623nam a2200253Ia 4500
001 - CONTROL NUMBER
control field 16433
003 - CONTROL NUMBER IDENTIFIER
control field GE_BSU
008 - FIXED-LENGTH DATA ELEMENTS--GENERAL INFORMATION
fixed length control field 181216s||||||||xx |||||||||||||| ||und||
010 ## - LIBRARY OF CONGRESS CONTROL NUMBER
LC control number ISBN:978-3-12-605164-4
040 ## - CATALOGING SOURCE
Transcribing agency GE_BSU
080 ## - UNIVERSAL DECIMAL CLASSIFICATION NUMBER
Universal Decimal Classification number 811.112+61
100 ## - MAIN ENTRY--PERSONAL NAME
Personal name Grosser,Regine
245 ## - TITLE STATEMENT
Title Deutsch im Krankenhaus
245 ## - TITLE STATEMENT
Remainder of title Intensivtrainer
260 ## - PUBLICATION, DISTRIBUTION, ETC.
Place of publication, distribution, etc. Munchen
260 ## - PUBLICATION, DISTRIBUTION, ETC.
Name of publisher, distributor, etc. Klett-Langenscheidt
260 ## - PUBLICATION, DISTRIBUTION, ETC.
Date of publication, distribution, etc. 2015
300 ## - PHYSICAL DESCRIPTION
Extent 96p:ill.;28cm
653 ## - INDEX TERM--UNCONTROLLED
Uncontrolled term Deutsch im Krankenhaus
653 ## - INDEX TERM--UNCONTROLLED
Uncontrolled term გერმანული ენა
653 ## - INDEX TERM--UNCONTROLLED
Uncontrolled term მედიცინა
942 ## - ADDED ENTRY ELEMENTS (KOHA)
Koha item type წიგნი
ეგზემპლარები
Withdrawn status Lost status Damaged status Not for loan Date acquired Barcode Date last seen Price effective from Koha item type
        2018-12-17 41168 2018-12-17 2018-12-17 წიგნი